000 00564nam a22001937a 4500
008 220802b |||||||| |||| 00| 0 eng d
020 _a022661669x
050 _aPN335
_b.B87 2019
100 _aBurroway, Janet
245 _aWriting Fiction:
_ba guide to narrative craft/
_cJanet Burroway
250 _a10th ed.
260 _aLondon
_bUniversity of Chigago Press
_c2019
300 _axvii, 236p.
650 _aFiction
_vTechnique
650 _aFiction
_vauthorship
700 _aStuckey-French, Elizabeth
700 _aStuckey-French, Ned
942 _2lcc
_cBK
999 _c19422
_d19421